| 000 | 00531nam a2200193 a 4500 | ||
|---|---|---|---|
| 005 | 20140311163026.0 | ||
| 008 | 080508s19uu xx 00 eng d | ||
| 020 | _a9781412928953 | ||
| 050 |
_aLC 4165 _b.M527 2008 |
||
| 100 | _aMellor, Nigel | ||
| 245 |
_aAttention seeking. / _cNigel Mellor |
||
| 250 | _a2nd ed. | ||
| 260 |
_aLondon : _bPaul Chapman Publishing, _c2008. |
||
| 300 |
_a150 p. : _c24 cm. |
||
| 521 | _aPSYCH | ||
| 650 | _aAttention-Deficit hyperactivity disorder. | ||
| 942 |
_cBK _2lcc _kFOR |
||
| 999 |
_c39548 _d39548 |
||